000 00437nam a22001817a 4500
003 CEME
005 20210628205314.0
008 210308b xxu||||| |||| 00| 0 eng d
020 _a0-333-60905-0
040 _c.
082 _a691.1 DES'T
100 _aDinwoodie, J. M Desch, H. E
_974855
245 _aTimber structres properties conversion and use
250 _a7TH
260 _c1996
300 _aXII, 306P
942 _cBK
_2ddc
999 _c580359
_d580359